| 000 | 003960000a22001450004500 | ||
|---|---|---|---|
| 020 | _a0-590-45508-7 | ||
| 082 | 0 | 4 | _aGi CD J647g |
| 100 | 1 | _aJoffe Numeroff, Laura | |
| 245 | 1 | 0 | _aIf you give a moose a muffin / Laura Joffe Numeroff ; ilustraciones Felicia Bond |
| 260 | _aNew York : Scholastic inc. | ||
| 300 | _a(30 P.) | ||
| 650 | 1 | 4 | _aCuentos infantiles ingleses |
| 001 | 1829 | ||
| 942 | _cLGB | ||
| 999 |
_c48984 _d48984 |
||